Obchod versus snižování nákladů a úspora času

Mnohé české firmy zdokonalili ukazovatele kvality, produktivity, znížili úroveň zásob. Existuje však nebezpečie, že náklady ušetrené vo výrobe môžu byť preplytvané v priebehu distribúcie. Cena výrobku. Distribučné cesty. Väzby medzi zložkami marketingu a logistiky. Znižovanie nákladov a dosahovanie...

Description complète

Enregistré dans:
Détails bibliographiques
Auteur principal: Černý, Jaromír
Format: Chapitre de livre
Langue:tchèque
Sujets:
Tags: Ajouter un tag
Pas de tags, Soyez le premier à ajouter un tag!

MARC

LEADER 00000naa a2200000 4500
001 r040529
005 20230522110846.3
041 0 |a cze 
044 |a CZ 
245 1 0 |a Obchod versus snižování nákladů a úspora času  |c Jaromír Černý 
520 |a Mnohé české firmy zdokonalili ukazovatele kvality, produktivity, znížili úroveň zásob. Existuje však nebezpečie, že náklady ušetrené vo výrobe môžu byť preplytvané v priebehu distribúcie. Cena výrobku. Distribučné cesty. Väzby medzi zložkami marketingu a logistiky. Znižovanie nákladov a dosahovanie úspor času v obchode. 
610 2 0 |a obchod 
610 2 0 |a znižovanie nákladov 
610 2 0 |a úspory 
610 2 0 |a čas 
610 2 0 |a ceny 
610 2 0 |a výrobky 
610 2 0 |a distribúcia 
610 2 0 |a marketing 
610 2 0 |a logistika 
610 2 0 |a Česko 
100 1 |a Černý, Jaromír